MARC

LEADER 00000nam1a2200000 4500
001 52908
005 20231031043456.0
010 |a 5878511401 
035 |a (RuTPU)RU\TPU\book\55479 
090 |a 52908 
100 |a 20030609d2001 m y0rusy50 ca 
101 0 |a rus 
102 |a RU 
200 1 |a Водоснабжение  |a Проектирование систем и сооружений  |e В 3 т.  |e учебное пособие  |f Государственный научный центр РФ НИИ ВОДГЕО; Вологодский государственный технический университет; Под ред. М. Г. Журбы 
210 |a Вологда  |a Москва  |c ВоГТУ  |d 2001 
702 1 |a Журба  |b М. Г.  |4 340 
712 0 2 |a Вологодский государственный технический университет  |2 stltpush  |3 (RuTPU)RU\TPU\col\2983 
712 0 2 |a Научно-исследовательский и конструкторско-технологический институт водоснабжения, канализации, гидротехнических сооружений и инженерной гидрогеологии (НИИ ВОДГЕО)  |c (Москва)  |2 stltpush  |3 (RuTPU)RU\TPU\col\2927 
801 1 |a RU  |b 63413507  |c 20030609  |g PSBO 
801 2 |a RU  |b 63413507  |c 20080604  |g PSBO 
942 |c BK